| 000 | 00451nam a2200181Ia 4500 | ||
|---|---|---|---|
| 001 | 13666 | ||
| 005 | 20260306164818.0 | ||
| 008 | 260306t2005||||xx |||||||||||||| ||spa|| | ||
| 041 | _aESP | ||
| 082 |
_a005.112 _bL13 |
||
| 100 |
_aLacy, Lee W. _eAUT |
||
| 245 | 0 |
_aOWL: _brepresenting information using the web ontology language |
|
| 260 | _c2005 | ||
| 300 |
_aX, 282 páginas : _c |
||
| 650 | _aGEN | ||
| 654 | _aCCC | ||
| 942 |
_cLIB _dJUS _fJUS _2ddc _n |
||
| 999 |
_c13666 _d13666 |
||